K burze cenných papírů

Pokračovanie z č. 4/95. Predmet burzového obchodu. Charakteristika cenných papierov. Zmluvy o cenných papieroch.(Pokračovanie v č. 6/95).

Gespeichert in:
Bibliographische Detailangaben
1. Verfasser: Marek, K.
Weitere Verfasser: Tomíčková, S.
Format: Buchkapitel
Sprache:Tschechisch
Schlagworte:
Tags: Tag hinzufügen
Keine Tags, Fügen Sie das erste Tag hinzu!

MARC

LEADER 00000naa a2200000 4500
001 r017621
005 20221208131302.6
041 0 |a cze 
044 |a CZ 
245 1 0 |a K burze cenných papírů  |c K. Marek, S. Tomíčková 
520 |a Pokračovanie z č. 4/95. Predmet burzového obchodu. Charakteristika cenných papierov. Zmluvy o cenných papieroch.(Pokračovanie v č. 6/95). 
610 2 0 |a burzy 
610 2 0 |a papiere cenné 
610 2 0 |a obchody burzové 
610 2 0 |a zmluvy 
610 2 0 |a pojmy 
100 1 |a Marek, K. 
700 1 |a Tomíčková, S.